Flags by color - Statistics

General Stats
  • This quiz has been taken 31 times
  • The average score is 3 of 13
Answer Stats
Hint Answer % Correct
Green, Yellow, Black Jamaica
59%
Red, Black Albania
41%
Blue, Green, White Sierra Leone
34%
Red, Blue, Orange Armenia
28%
Green, Yellow Mauritania
28%
Blue, Green, White, Orange India
17%
Blue, Green, White, Black Lesotho
10%
Red, Green, Yellow, Orange Sri Lanka
10%
Red, Green, Black Malawi
7%
Red, White, Blue, Black South Korea
7%
Blue, Green, Yellow, Black Tanzania
7%
Red, Green, Black, Orange Zambia
7%
Blue, Yellow, White, Black Saint Lucia
3%
No matching quizzes found
Score Distribution
Percent of People with Each Score
Percentile by Number Answered
Your Score History
You have not taken this quiz